000 01607ngm a2200385 i 4500
001 991061305710706706
003 ES-BaIT
005 20260225130752.0
008 250326s2004 ne ||| |-|||||q|| vleng|c
024 8 _a8712273110745
028 4 0 _a11074 D
_bACE
040 _aES-BaIT
_bcat
_erda
_cES-BaIT
080 _a793.4(086.8)
130 0 _aGiselle (Coreografia : Lavrovsky a partir de Coralli, Perrot i Petipa)
_9166205
245 0 0 _aGiselle /
_cAdam ; Bolshoi ; conductor A. Dzuraitis ; producers J. Coralli, J. Perrot, M. Petitpas, L. Lavrovski ; art director Youri Grigorovitch
264 1 _aUtrecht :
_bAlpha Centauri Entertainment,
_c2004
300 _a1 videodisc (DVD) (82 min) :
_bcolor, so;
_c19 cm +
_e1 fullet (6 pàgines : il·lustracions en color)
336 _aimatge en moviment bidimensional
_btdi
_2rdacontent
337 _avídeo
_bg
_2rdamedia
338 _avideodisc
_bvd
_2rdacarrier
344 _adigital
_bmagnètic
_gestèreo
_hDolby digital 5.1
_2rda
346 _bPAL
_2rda
347 _afitxer vídeo
_bDVD vídeo
_etotes les regions
_2rda
511 1 _aBallarins solistes: Nathalia Bessmertnova, Michael Lavrovski, G. Kaslova
518 _aEnregistrat el 1975 per l'Acadèmia estatal del Teatre Bolshoi
546 _aFullet en anglès
650 4 _aDansa clàssica
_xCoreografies
_956589
655 7 _aDansa filmada
_2lemac
_9168293
700 1 _aAdam, Adolphe,
_d1803-1856
_ecompositor
_9128495
700 1 _aLavrovsky, Mikhail
_ecoreògraf
_9104793
710 2 _aBolshoi teatr SSSR.
_bBalet
_eballarí
_994184
908 _aCDMAE
940 _aCDMAE
942 _2udc
_c5
999 _c137143
_d137143